00705nam a2200193 a 450000100100000000500170001000800410002704000250006808200170009310000300011024500630014026000370020330000300024050000510027050000430032104900090036495201210037399900170049400002546020200930023814.0110216s1973 mx m r 000 0 spa d aDO-SdBNPbspacBNPHU axxxxxbB851e1 aBridges, Julian C.95207810aExpansión evangélica en méxico /cJulian C. Bridges. aMéxico, D. F. :bM. H.,c1973. a87 p. :bmapas. ;c21 cm. aIncluye referencia bibliográfica p. [86-87]. aIncluye notas al pie de las páginas. aBNGR 001054708MOaGRbGRcCTd2011-02-16iLF1l0oxxxxx B851ep25460-10r2020-06-25w2020-06-25y4ZPréstamo en sala c24952d24952